Examination of coexistence of symmetric mass and asymmetric charge distributions of fission fragments; Physical Review C; Vol. 101, iss. 6
| Parent link: | Physical Review C Vol. 101, iss. 6.— 2020.— [064604, 11 р.] |
|---|---|
| Korporacja: | |
| Kolejni autorzy: | , , , |
| Streszczenie: | Title screen Using the improved scission-point model, the mass and charge distributions of fission fragments of the compound nuclei 180,182,190,198Hg and 202Pb formed in complete fusion reactions 36Ar+144Sm, 40Ca+142Nd, 36Ar+154Sm, [alpha]+194Pt, and 48Ca+154Sm are studied and compared with available experimental data. The transition is explained from the mass-asymmetric distribution in fissioning 180,182,190Hg to the mass-symmetric distribution found in fissioning 198Hg and 202Pb. The retention of the asymmetric mass distributions is treated in the case of fissioning 180,182,190Hg with increasing excitation energy. In the fissioning 198Hg and 182Hg, completely different shapes are predicted for charge and mass yields. |
| Język: | angielski |
| Wydane: |
2020
|
| Hasła przedmiotowe: | |
| Dostęp online: | https://doi.org/10.1103/PhysRevC.101.064604 |
| Format: | Elektroniczne Rozdział |
| KOHA link: | https://koha.lib.tpu.ru/cgi-bin/koha/opac-detail.pl?biblionumber=665135 |
MARC
| LEADER | 00000naa0a2200000 4500 | ||
|---|---|---|---|
| 001 | 665135 | ||
| 005 | 20250826104935.0 | ||
| 035 | |a (RuTPU)RU\TPU\network\36334 | ||
| 035 | |a RU\TPU\network\36168 | ||
| 090 | |a 665135 | ||
| 100 | |a 20210824d2020 k||y0rusy50 ba | ||
| 101 | 0 | |a eng | |
| 102 | |a US | ||
| 135 | |a drcn ---uucaa | ||
| 181 | 0 | |a i | |
| 182 | 0 | |a b | |
| 200 | 1 | |a Examination of coexistence of symmetric mass and asymmetric charge distributions of fission fragments |f H. Pasca, A. V. Andreev, G. G. Adamyan, N. V. Antonenko | |
| 203 | |a Text |c electronic | ||
| 300 | |a Title screen | ||
| 320 | |a [References: 40 tit.] | ||
| 330 | |a Using the improved scission-point model, the mass and charge distributions of fission fragments of the compound nuclei 180,182,190,198Hg and 202Pb formed in complete fusion reactions 36Ar+144Sm, 40Ca+142Nd, 36Ar+154Sm, [alpha]+194Pt, and 48Ca+154Sm are studied and compared with available experimental data. The transition is explained from the mass-asymmetric distribution in fissioning 180,182,190Hg to the mass-symmetric distribution found in fissioning 198Hg and 202Pb. The retention of the asymmetric mass distributions is treated in the case of fissioning 180,182,190Hg with increasing excitation energy. In the fissioning 198Hg and 182Hg, completely different shapes are predicted for charge and mass yields. | ||
| 461 | |t Physical Review C | ||
| 463 | |t Vol. 101, iss. 6 |v [064604, 11 р.] |d 2020 | ||
| 610 | 1 | |a труды учёных ТПУ | |
| 610 | 1 | |a электронный ресурс | |
| 610 | 1 | |a разрыв | |
| 610 | 1 | |a энергия возбуждения | |
| 610 | 1 | |a деление ядер | |
| 701 | 1 | |a Pasca |b H. |g Horia | |
| 701 | 1 | |a Andreev |b A. V. |g Aleksandr | |
| 701 | 1 | |a Adamyan |b G. G. |g Gurgen Grigorjevich | |
| 701 | 1 | |a Antonenko |b N. V. |c physicist |c Professor of Tomsk Polytechnic University, Doctor of physical and mathematical sciences |f 1964- |g Nikolay Viktorovich |3 (RuTPU)RU\TPU\pers\35905 |9 19046 | |
| 712 | 0 | 2 | |a Национальный исследовательский Томский политехнический университет |b Школа базовой инженерной подготовки |b Отделение математики и информатики |3 (RuTPU)RU\TPU\col\23555 |
| 801 | 2 | |a RU |b 63413507 |c 20210824 |g RCR | |
| 856 | 4 | 0 | |u https://doi.org/10.1103/PhysRevC.101.064604 |
| 942 | |c CF | ||